| 000 | 00563pab a2200217 454500 | ||
|---|---|---|---|
| 008 | 180718b2007 xxu||||| |||| 00| 0 eng d | ||
| 100 | _aPraduman Kumar | ||
| 245 | _aLong-term changes in Indian food basket and nutrition | ||
| 260 | _c2007 | ||
| 300 | _ap.3567-572. | ||
| 362 | _a1 Sep | ||
| 650 | _aFood consumption - India | ||
| 650 | _aNutrition - India | ||
| 650 | _aFood supply - India | ||
| 650 | _aFood supply | ||
| 700 | _aDev, Madan M. | ||
| 700 | _aMruthyunjaya | ||
| 773 | _aEconomic and Political Weekly | ||
| 908 | _aN | ||
| 909 | _a75708 | ||
| 999 |
_c75708 _d75708 |
||